Most Common National Animals - Statistics

General Stats
  • This quiz has been taken 50 times
  • The average score is 6 of 18
Answer Stats
# Countries Animal % Correct
5 Albania, Panama, Philippines, United States, Zimbabwe Eagle
93%
3 Bangladesh, India, Malaysia Tiger
84%
2 India, Thailand Elephant
69%
2 Azerbaijan, Canada Horse
58%
3 Antigua and Barbuda, Costa Rica, Honduras Deer
51%
3 Mongolia, Pakistan, United Arab Emirates Falcon
44%
3 Qatar, South Africa, United Arab Emirates Antelope
40%
3 Dominica, Saint Lucia, Saint Vincent and the Grenadines Parrot
38%
2 Estonia, Italy Wolf
38%
2 India, Pakistan Dolphin
29%
2 Denmark, Finland Swan
16%
2 Denmark, Estonia Butterfly
13%
2 South Africa, Uganda Crane
11%
2 Antigua and Barbuda, Cambodia Turtle
11%
2 Finland, Latvia Ladybird
7%
2 Brazil, Costa Rica Thrush
7%
2 El Salvador, Nicaragua Motmot
4%
2 Nepal, Pakistan Pheasant
2%
No matching quizzes found
Score Distribution
Percent of People with Each Score
Percentile by Number Answered
Your Score History
You have not taken this quiz